[Event "Quebec-ch U18"]
[Site "Montreal"]
[Date "2006.03.05"]
[Round "5"]
[White "Ye, Ling Feng"]
[Black "Goulet, Steve"]
[Result "1-0"]
[WhiteElo "2021"]
[BlackElo "1606"]
[PlyCount "72"]
[EventDate "2006.03.03"]
[EventType "swiss"]
[EventRounds "5"]
[EventCountry "CAN"]
[SourceTitle "EXT 2007"]
[Source "ChessBase"]
[SourceDate "2006.11.23"]
[SourceVersion "1"]
[SourceVersionDate "2006.11.23"]
[SourceQuality "1"]

1. e4 c5 2. Nf3 d6 3. d4 cxd4 4. Nxd4 Nf6 5. Nc3 g6 6. Be3 Bg7 7. f3 0-0 8. Qd2 Nc6 9. 0-0-0 Bd7 10. g4 Rc8 11. h4 h5 12. g5 Ne8 13. f4 a6 14. Bh3 Na5 15. b3 Bxh3 16. Rxh3 b5 17. f5 Nc6 18. Nd5 Nxd4 19. Bxd4 Bxd4 20. Qxd4 e5 21. Qd2 b4 22. Rf3 Nc7 23. Nf6+ Kg7 24. Qxd6 Qxd6 25. Rxd6 Nb5 26. Rxa6 Rfd8 27. Nd5 Nd4 28. f6+ Kg8 29. Rf2 Rc5 30. Kb2 Rb8 31. Rb6 Rxb6 32. Nxb6 Rc7 33. Nd5 Rb7 34. Nxb4 Rxb4 35. c3 Rb8 36. cxd4 exd4 1-0

[Event "Quebec-ch U18"]
[Site "Montreal"]
[Date "2006.03.04"]
[Round "3"]
[White "Goulet, Steve"]
[Black "Berg Brisebois, Karl Alexander"]
[Result "1-0"]
[WhiteElo "1606"]
[BlackElo "1407"]
[PlyCount "31"]
[EventDate "2006.03.03"]
[EventType "swiss"]
[EventRounds "5"]
[EventCountry "CAN"]
[SourceTitle "EXT 2007"]
[Source "ChessBase"]
[SourceDate "2006.11.23"]
[SourceVersion "1"]
[SourceVersionDate "2006.11.23"]
[SourceQuality "1"]

1. e4 c5 2. Nf3 Nf6 3. Nc3 d5 4. exd5 Nxd5 5. d4 cxd4 6. Nxd5 Qxd5 7. Qxd4 Qxd4 8. Nxd4 e5 9. Nb5 Na6 10. Bc4 Bf5 11. c3 Be7 12. 0-0 0-0 13. Be3 Bc5 14. Rfe1 Bxe3 15. Rxe3 Rfe8 16. Nd6 1-0